<?xml version="1.0" encoding="UTF-8"?>
<collection xmlns:xsi="http://www.w3.org/2001/XMLSchema-instance" xsi:schemaLocation="http://www.loc.gov/MARC21/slim http://www.loc.gov/standards/marcxml/schema/MARC21slim.xsd" xmlns="http://www.loc.gov/MARC21/slim">
 <record>
  <leader>00000nam a22000008i 4500</leader>
  <controlfield tag="001">UP-8027390931311886270</controlfield>
  <controlfield tag="003">Buklod</controlfield>
  <controlfield tag="005">20250522143030.0</controlfield>
  <controlfield tag="006">tdo  erm   |||| u|</controlfield>
  <controlfield tag="007">ta</controlfield>
  <controlfield tag="008">250522s2019    flu    e    b 001 0 eng  </controlfield>
  <datafield tag="020" ind1=" " ind2=" ">
   <subfield code="a">9781498785082</subfield>
  </datafield>
  <datafield tag="035" ind1=" " ind2=" ">
   <subfield code="a">20577774</subfield>
  </datafield>
  <datafield tag="040" ind1=" " ind2=" ">
   <subfield code="a">DLC</subfield>
   <subfield code="d">NTTCHP</subfield>
   <subfield code="e">rda</subfield>
  </datafield>
  <datafield tag="041" ind1="0" ind2=" ">
   <subfield code="a">eng</subfield>
  </datafield>
  <datafield tag="090" ind1="0" ind2="0">
   <subfield code="a">RA 399</subfield>
   <subfield code="b">V56 2019</subfield>
  </datafield>
  <datafield tag="100" ind1="1" ind2=" ">
   <subfield code="a">Violato, Claudio</subfield>
   <subfield code="e">author.</subfield>
  </datafield>
  <datafield tag="245" ind1="0" ind2="0">
   <subfield code="a">Assessing competence in medicine and other health professions</subfield>
   <subfield code="c">Claudio Violato.</subfield>
  </datafield>
  <datafield tag="264" ind1=" " ind2="1">
   <subfield code="a">Boca Raton, Florida</subfield>
   <subfield code="b">CRC Press</subfield>
   <subfield code="c">c2019.</subfield>
  </datafield>
  <datafield tag="300" ind1=" " ind2=" ">
   <subfield code="a">xi, 419 pages</subfield>
   <subfield code="b">illustrations</subfield>
   <subfield code="c">23 cm.</subfield>
  </datafield>
  <datafield tag="336" ind1=" " ind2=" ">
   <subfield code="a">text</subfield>
   <subfield code="2">rdacontent</subfield>
  </datafield>
  <datafield tag="337" ind1=" " ind2=" ">
   <subfield code="a">unmediated</subfield>
   <subfield code="2">rdamedia</subfield>
  </datafield>
  <datafield tag="338" ind1=" " ind2=" ">
   <subfield code="a">volume</subfield>
   <subfield code="2">rdacarrier</subfield>
  </datafield>
  <datafield tag="365" ind1=" " ind2=" ">
   <subfield code="a">TP</subfield>
   <subfield code="c">Php</subfield>
   <subfield code="b">5,668.00</subfield>
  </datafield>
  <datafield tag="504" ind1=" " ind2=" ">
   <subfield code="a">Includes bibliographical references and index.</subfield>
  </datafield>
  <datafield tag="505" ind1="0" ind2="0">
   <subfield code="a">Section I Foundations -- Chapter 1 Introduction -- Chapter 2 Competence and professionalism in medicine and the health professions -- Chapter 3 Statistics and test score interpretation -- Chapter 4 Correlational-based methods -- Section II Validity and Reliability -- Chapter 5 Validity I: Logical/Face and content -- Chapter 6 Validity II: Correlational-based -- Chapter 7 Validity III: Advanced methods for validity -- Chapter 8 Reliability I: Classical methods -- Chapter 9 Reliability II: Advanced methods -- Section III Test Construction and Evaluation -- Chapter 10 Formats of testing for cognition, affect, and psychomotor skills -- Chapter 11 Constructing multiple-choice items -- Chapter 13 Objective structured clinical exams -- Chapter 14 Checklists, rating scales, rubrics, and questionnaires -- Chapter 15 Evaluating tests and assessments: Item analyses -- Chapter 16 Grading, reporting, and standard testing.</subfield>
  </datafield>
  <datafield tag="520" ind1="2" ind2=" ">
   <subfield code="a">&quot;This comprehensive, yet accessible, text demystifies the challenging area of competence assessement in medicine and the health sciences, providing a clear framework and the tools for anyone working or studying in this area. Written by a single, highly experienced, author, the content benefits from uniformity of style and is supported and enhanced by a range of pedagogic features including cases, questions and summaries. Essential reading for all students and practitioners of medical education, it will also be an invaluable guide for allied health professionals and psychologists with a general interest in assessment, evaluation and measurement and a useful library reference.&quot;</subfield>
   <subfield code="2">Provided by publisher.</subfield>
  </datafield>
  <datafield tag="650" ind1="1" ind2="4">
   <subfield code="a">Test construction.</subfield>
  </datafield>
  <datafield tag="650" ind1="2" ind2="2">
   <subfield code="a">Educational measurement.</subfield>
  </datafield>
  <datafield tag="650" ind1="2" ind2="2">
   <subfield code="a">Formative feedback.</subfield>
  </datafield>
  <datafield tag="650" ind1="2" ind2="2">
   <subfield code="a">Professional competence.</subfield>
  </datafield>
  <datafield tag="650" ind1="2" ind2="2">
   <subfield code="a">Clinical competence.</subfield>
  </datafield>
  <datafield tag="650" ind1="0" ind2="0">
   <subfield code="a">Assessment.</subfield>
  </datafield>
  <datafield tag="905" ind1=" " ind2=" ">
   <subfield code="a">FO</subfield>
  </datafield>
  <datafield tag="852" ind1="0" ind2=" ">
   <subfield code="a">UPMNL</subfield>
   <subfield code="b">NTTC</subfield>
   <subfield code="h">RA 399</subfield>
   <subfield code="i">V56 2019</subfield>
  </datafield>
  <datafield tag="942" ind1=" " ind2=" ">
   <subfield code="a">Book</subfield>
  </datafield>
 </record>
</collection>
